000 00620nam a2200205Ii 4500
001 5785
003 CO-ViMGA
008 241108s9999||||xx |||||||||||||| ||und||
040 _aCO-ViMGA
_bspa
_erda
_cCO-ViMGA
041 0 _aunk
084 _aT GON3t
100 1 _aFernando González
_946824
245 1 0 _aLa tragicomedia del Padre Elías y Martina la Velera
264 1 _a[Lugar de publicación no identificado] : Bedout, 1962
300 _avolumen
336 _atext
_btxt
_2rdacontent
337 _aunmediated
_bn
_2rdamedia
338 _avolume
_bnc
_2rdacarrier
940 _aidficha_siabuc: 5639. -- ficha_no_siabuc:5785
999 _c51549
_d51549